[Event "20th 4NCL Congress"]
[Site "Nottingham"]
[Date "2018.09.29"]
[Round "2"]
[Board "10"]
[White "Nettleton, Charlie B"]
[Black "Barnes, Michael H"]
[Result "1-0"]
[WhiteElo "2018"]
[BlackElo "2184"]
[PlyCount "73"]
[EventDate "2018.09.28"]
[EventRounds "5"]
[EventCountry "ENG"]

1. b3 d5 2. Bb2 Bg4 3. Nf3 Bxf3 4. exf3 Qd6 5. Qe2 Nd7 6. g3 O-O-O 7. f4 Ngf6
8. Bg2 Rg8 9. d3 g5 10. fxg5 Rxg5 11. f4 Rg8 12. Nd2 Bg7 13. Nf3 Ng4 14. d4 Kb8
15. Ne5 Nh6 16. O-O-O e6 17. Kb1 f5 18. c4 c6 19. cxd5 exd5 20. Qd2 Nf6 21. Qa5
Qc7 22. Qa4 Ne4 23. Rc1 Ng4 24. Ba3 Nxe5 25. dxe5 Bf8 26. Bxe4 dxe4 27. Rhd1
Bxa3 28. Qxa3 h5 29. Qc5 h4 30. e6 hxg3 31. hxg3 Rde8 32. Rd7 Qb6 33. Qe5+ Ka8
34. e7 Rxg3 35. Rcd1 Rd3 36. R1xd3 exd3 37. Qd6  1-0

[Event "20th 4NCL Congress"]
[Site "Nottingham"]
[Date "2018.09.29"]
[Round "2"]
[Board "11"]
[White "James, Russell A"]
[Black "Moore, Geoffrey R"]
[Result "1-0"]
[WhiteElo "2153"]
[BlackElo "1985"]
[PlyCount "49"]
[EventDate "2018.09.28"]
[EventRounds "5"]
[EventCountry "ENG"]

1. d4 d5 2. Nf3 Nf6 3. c4 e6 4. e3 Bb4+ 5. Nbd2 O-O 6. a3 Be7 7. Bd3 c5 8. dxc5
Bxc5 9. b4 Bd6 10. Bb2 a6 11. O-O dxc4 12. Nxc4 Bc7 13. Qc2 h6 14. Rfd1 Qe7 15.
Rac1 Nc6 16. Nfe5 Nxe5 17. Nxe5 Bxe5 18. Bxe5 Rd8 19. Bc7 Rd7 20. Bb6 Nd5 21.
Qxc8+ Rxc8 22. Rxc8+ Qf8 23. Rxf8+ Kxf8 24. Bc5+ Kg8 25. Bc4  1-0

[Event "20th 4NCL Congress"]
[Site "Nottingham"]
[Date "2018.09.29"]
[Round "2"]
[Board "12"]
[White "Wells, Jonathan C"]
[Black "Klingher, Dominic"]
[Result "1/2-1/2"]
[WhiteElo "1969"]
[BlackElo "2121"]
[PlyCount "83"]
[EventDate "2018.09.28"]
[EventRounds "5"]
[EventCountry "ENG"]

1. d4 d6 2. Nf3 Nf6 3. c4 g6 4. Nc3 Bg7 5. g3 O-O 6. Bg2 Nc6 7. O-O a6 8. h3
Bd7 9. e4 Na5 10. Qe2 b5 11. cxb5 axb5 12. e5 Ne8 13. Nxb5 Nb3 14. Rb1 Rxa2 15.
Bf4 Ra4 16. Rbd1 Rb4 17. Nc3 Na5 18. Rfe1 e6 19. Bg5 f6 20. exf6 Nxf6 21. h4
Qb8 22. Bc1 Nb3 23. Bh3 Nxc1 24. Bxe6+ Kh8 25. Rxc1 Rxb2 26. Qc4 Bxe6 27. Qxe6
Qb3 28. Ng5 Qxe6 29. Nxe6 Rf7 30. Rb1 Rc2 31. Rb8+ Ng8 32. Nd1 Re7 33. d5 Rd2
34. Ne3 Rf7 35. Rf1 h6 36. Rc8 Kh7 37. Rxc7 Rxc7 38. Nxc7 Bd4 39. Ne6 Nf6 40.
Nc4 Rd3 41. Nxd4 Rxd4 42. Nxd6  1/2-1/2

[Event "20th 4NCL Congress"]
[Site "Nottingham"]
[Date "2018.09.29"]
[Round "2"]
[Board "13"]
[White "Leck, Gerrit"]
[Black "Hynes, A M (Tony)"]
[Result "1/2-1/2"]
[WhiteElo "1932"]
[BlackElo "2093"]
[PlyCount "66"]
[EventDate "2018.09.28"]
[EventRounds "5"]
[EventCountry "ENG"]

1. e4 e5 2. Nf3 Nc6 3. Bb5 a6 4. Ba4 Nf6 5. O-O b5 6. Bb3 Bc5 7. a4 Bb7 8. d3
h6 9. Nc3 b4 10. Nd5 d6 11. c3 bxc3 12. bxc3 Nxd5 13. Bxd5 Na5 14. Bxb7 Nxb7
15. a5 O-O 16. d4 exd4 17. cxd4 Bb4 18. Bd2 Bxd2 19. Qxd2 Re8 20. Rfb1 Qc8 21.
Qb4 Nd8 22. d5 f5 23. Re1 Nf7 24. Nd4 fxe4 25. Ne6 Ng5 26. Nxg5 hxg5 27. Rxe4
Rb8 28. Qe1 Kf7 29. Rc1 Qb7 30. Rxe8 Rxe8 31. Qd1 Kg8 32. h3 Re5 33. Qh5 Qb8
 1/2-1/2

[Event "20th 4NCL Congress"]
[Site "Nottingham"]
[Date "2018.09.29"]
[Round "2"]
[Board "14"]
[White "Webster, Richard J"]
[Black "Agnew, Alan"]
[Result "1-0"]
[WhiteElo "1931"]
[BlackElo "2086"]
[PlyCount "75"]
[EventDate "2018.09.28"]
[EventRounds "5"]
[EventCountry "ENG"]

1. d4 Nf6 2. c4 g6 3. Nc3 Bg7 4. e4 d6 5. Nf3 O-O 6. Be2 e5 7. O-O Nc6 8. d5
Ne7 9. Ne1 Nd7 10. f3 f5 11. Be3 f4 12. Bf2 g5 13. a4 a5 14. Nd3 b6 15. b4 axb4
16. Nxb4 Rf6 17. Nd3 h5 18. Nb5 Rg6 19. a5 bxa5 20. c5 Nf6 21. Be1 Ba6 22. cxd6
Bxb5 23. dxe7 Qxe7 24. d6 Qe6 25. dxc7 Bxd3 26. Qxd3 Qb6+ 27. Kh1 Qxc7 28. Bc3
Ne8 29. Qd5+ Kf8 30. Qxa8 Qxc3 31. Rfc1 Qd4 32. Qxa5 g4 33. Qc5+ Qxc5 34. Rxc5
Nd6 35. Ra8+ Ke7 36. Rc7+ Kf6 37. Rd7 Kg5 38. Rad8  1-0

[Event "20th 4NCL Congress"]
[Site "Nottingham"]
[Date "2018.09.29"]
[Round "2"]
[Board "15"]
[White "French, Max"]
[Black "Tombolis, Christopher"]
[Result "1/2-1/2"]
[WhiteElo "2074"]
[BlackElo "1882"]
[PlyCount "89"]
[EventDate "2018.09.28"]
[EventRounds "5"]
[EventCountry "ENG"]

1. d4 d5 2. c4 e6 3. Nc3 Be7 4. Nf3 Nf6 5. Bg5 O-O 6. e3 Nbd7 7. cxd5 Nxd5 8.
Bxe7 Qxe7 9. Bd3 N7f6 10. O-O b6 11. Nxd5 Nxd5 12. Rc1 Bb7 13. a3 Rac8 14. Qe2
c5 15. Ba6 cxd4 16. Nxd4 Qd7 17. Bxb7 Qxb7 18. Qd2 Rfd8 19. Rxc8 Rxc8 20. Rc1
Rxc1+ 21. Qxc1 Qc7 22. Qxc7 Nxc7 23. Kf1 Kf8 24. Nc6 a5 25. Ke2 f6 26. Kd3 Ke8
27. Nd4 e5 28. Nf5 g6 29. Nd6+ Kd7 30. Ne4 Ne8 31. Nc3 Kc6 32. e4 Nc7 33. f3
Kc5 34. Na4+ Kc6 35. Nc3 b5 36. Nd1 Ne6 37. Ne3 Kd6 38. b4 axb4 39. axb4 Nf4+
40. Kd2 h5 41. g3 Ne6 42. Nd5 f5 43. Ke3 fxe4 44. fxe4 Nd4 45. h4  1/2-1/2

[Event "20th 4NCL Congress"]
[Site "Nottingham"]
[Date "2018.09.29"]
[Round "2"]
[Board "16"]
[White "Dias, Savin"]
[Black "Okhai, Shabir"]
[Result "0-1"]
[WhiteElo "1693"]
[BlackElo "2069"]
[PlyCount "94"]
[EventDate "2018.09.28"]
[EventRounds "5"]
[EventCountry "ENG"]

1. e4 e5 2. Nf3 Nc6 3. Bc4 Bc5 4. c3 Nf6 5. d3 d6 6. O-O a6 7. Bb3 O-O 8. Re1
Ba7 9. h3 Be6 10. Bc2 Ne7 11. d4 Ng6 12. Nbd2 c6 13. Nf1 h6 14. Be3 Nh7 15. Ng3
Nh4 16. dxe5 Bxe3 17. Rxe3 Nxf3+ 18. Qxf3 dxe5 19. a3 Qf6 20. Rd1 Qxf3 21. Rxf3
Rfd8 22. Rfd3 Rxd3 23. Rxd3 Kf8 24. f3 Ke7 25. Kf2 Nf6 26. Ke3 Ne8 27. b3 a5
28. a4 b5 29. b4 Nd6 30. axb5 cxb5 31. f4 Nc4+ 32. Ke2 exf4 33. Nf5+ Bxf5 34.
exf5 axb4 35. cxb4 Ra2 36. Rc3 Ne3 37. Kd3 Nd5 38. Rb3 Kf6 39. Bd1 Kxf5 40. Bf3
Ke5 41. Rb1 Ra3+ 42. Kc2 Ne3+ 43. Kd2 Kd4 44. Re1 Ra2+ 45. Kc1 Kc3 46. Kb1 Rb2+
47. Kc1 Rxb4  0-1

[Event "20th 4NCL Congress"]
[Site "Nottingham"]
[Date "2018.09.29"]
[Round "2"]
[Board "17"]
[White "Simpson, Derek"]
[Black "Seymour, Timothy P"]
[Result "1-0"]
[WhiteElo "1660"]
[BlackElo "2043"]
[PlyCount "107"]
[EventDate "2018.09.28"]
[EventRounds "5"]
[EventCountry "ENG"]

1. Nf3 d5 2. d3 Nf6 3. Nbd2 c5 4. e4 e6 5. g3 Nc6 6. Bg2 Be7 7. O-O O-O 8. Re1
b5 9. c3 Bb7 10. e5 Nd7 11. d4 b4 12. Nf1 Qb6 13. Be3 a5 14. dxc5 Nxc5 15. cxb4
axb4 16. N1d2 Na5 17. Bf1 Ba6 18. Rc1 Rfc8 19. Nb3 Naxb3 20. axb3 Bxf1 21. Rxf1
Qa6 22. Ra1 Qxa1 23. Qxa1 Rxa1 24. Rxa1 Nxb3 25. Ra7 Kf8 26. Nd4 Nxd4 27. Bxd4
g5 28. Rb7 Rc4 29. Be3 Rc2 30. Rb8+ Kg7 31. Rb7 Bf8 32. Bxg5 Kg6 33. h4 Rxb2
34. Be3 Rc2 35. g4 Bc5 36. h5+ Kg7 37. Bxc5 Rxc5 38. Rxb4 Rc4 39. Rxc4 dxc4 40.
Kf1 f6 41. Ke2 fxe5 42. g5 e4 43. Kd2 Kf7 44. Kc3 e5 45. Kxc4 Ke6 46. g6 hxg6
47. hxg6 Kf6 48. Kd5 Kxg6 49. Kxe5 Kf7 50. Kxe4 Ke6 51. Kf4 Kf6 52. f3 Ke6 53.
Kg5 Ke7 54. Kg6  1-0

[Event "20th 4NCL Congress"]
[Site "Nottingham"]
[Date "2018.09.29"]
[Round "2"]
[Board "18"]
[White "Kramaley, David"]
[Black "Willow, Jonah B"]
[Result "0-1"]
[WhiteElo "1849"]
[BlackElo "2271"]
[PlyCount "122"]
[EventDate "2018.09.28"]
[EventRounds "5"]
[EventCountry "ENG"]

1. e4 c5 2. Nf3 e6 3. d3 Nc6 4. g3 g6 5. Bg2 Bg7 6. O-O Nge7 7. Nbd2 O-O 8. Re1
d6 9. c3 e5 10. Nc4 h6 11. Qe2 f5 12. exf5 gxf5 13. Nh4 d5 14. Nxe5 Nxe5 15.
Bxh6 Bxh6 16. Qxe5 Bg5 17. Kh1 Bf6 18. Qf4 Kh7 19. Re2 Ng6 20. Nxg6 Kxg6 21. h4
Re8 22. h5+ Kg7 23. Rxe8 Qxe8 24. Bxd5 Qe5 25. Qc4 Bd7 26. h6+ Kxh6 27. Kg2
Qxd5+ 28. Qxd5 Bc6 29. Qxc6 bxc6 30. Re1 Kg6 31. Kf3 Rb8 32. Re2 Rb6 33. g4 Ra6
34. a3 Ra4 35. gxf5+ Kxf5 36. Re4 Rxe4 37. dxe4+ Ke5 38. Ke3 Bg5+ 39. Kd3 Bc1
40. Kc4 Bxb2 41. Kxc5 Bxc3 42. f3 Kf4 43. Kxc6 Kxf3 44. Kd5 Kf4 45. a4 Be5 46.
a5 Bc3 47. a6 Be5 48. Kc4 Kxe4 49. Kc5 Bd4+ 50. Kc6 Bb6 51. Kb5 Kd5 52. Kb4 Kc6
53. Ka4 Bd8 54. Kb4 Kb6 55. Ka4 Kxa6 56. Kb4 Kb6 57. Ka4 a5 58. Kb3 Kb5 59. Ka3
a4 60. Kb2 Kb4 61. Ka2 a3  0-1

[Event "20th 4NCL Congress"]
[Site "Nottingham"]
[Date "2018.09.29"]
[Round "2"]
[Board "19"]
[White "Munshi, Aditya"]
[Black "Fletcher, John T"]
[Result "1/2-1/2"]
[WhiteElo "2133"]
[BlackElo "2002"]
[PlyCount "54"]
[EventDate "2018.09.28"]
[EventRounds "5"]
[EventCountry "ENG"]

1. e4 c5 2. Nf3 Nc6 3. Bb5 g6 4. Bxc6 bxc6 5. O-O Bg7 6. Re1 e5 7. c3 Ne7 8. d4
cxd4 9. cxd4 exd4 10. Nxd4 O-O 11. Nc3 Rb8 12. b3 c5 13. Nde2 d5 14. exd5 Nxd5
15. Qxd5 Qxd5 16. Nxd5 Bxa1 17. Bf4 Ba6 18. Rxa1 Bxe2 19. Bxb8 Rxb8 20. Nf6+
Kg7 21. Nd7 Rc8 22. Rc1 c4 23. bxc4 Rxc4 24. Rxc4 Bxc4 25. a3 f6 26. f3 Kf7 27.
Kf2 Ke7  1/2-1/2

[Event "20th 4NCL Congress"]
[Site "Nottingham"]
[Date "2018.09.29"]
[Round "2"]
[Board "20"]
[White "Waller, Dan"]
[Black "Jamroz, Krzysztof"]
[Result "1-0"]
[WhiteElo "2092"]
[BlackElo "1999"]
[PlyCount "81"]
[EventDate "2018.09.28"]
[EventRounds "5"]
[EventCountry "ENG"]

1. e4 c5 2. Nf3 Nc6 3. Bb5 g6 4. Bxc6 dxc6 5. d3 Bg7 6. h3 Nf6 7. Nc3 O-O 8.
Be3 b6 9. O-O Ne8 10. Qd2 e5 11. a3 Qd6 12. b4 cxb4 13. axb4 Nc7 14. Ra3 Qxb4
15. Rfa1 Ne6 16. Ra4 Qd6 17. Bxb6 a6 18. Ra5 f5 19. Qe1 Rf7 20. Nd2 Nd4 21. Nc4
Qe7 22. Bc5 Qg5 23. Bxd4 exd4 24. Ne2 Qd8 25. e5 Re7 26. f4 Rb8 27. Qf2 Rb5 28.
Nxd4 Rxa5 29. Nxa5 Rc7 30. Naxc6 Qe8 31. Nb4 Bf8 32. Nxa6 Ra7 33. c3 Rxa6 34.
Rxa6 Bxa6 35. Qa2+ Kh8 36. Qxa6 Qb8 37. Kh2 Bh6 38. Qf6+ Kg8 39. Ne6 Qb2 40.
Qd8+ Kf7 41. Qd7+  1-0

[Event "20th 4NCL Congress"]
[Site "Nottingham"]
[Date "2018.09.29"]
[Round "2"]
[Board "21"]
[White "Goodger, Martyn"]
[Black "Hadi, Justin"]
[Result "1-0"]
[WhiteElo "2011"]
[BlackElo "2030"]
[PlyCount "61"]
[EventDate "2018.09.28"]
[EventRounds "5"]
[EventCountry "ENG"]

1. e4 c5 2. c3 d5 3. exd5 Qxd5 4. Na3 Nf6 5. Nf3 Bg4 6. Bc4 Qe4+ 7. Be2 Bxf3 8.
gxf3 Qg6 9. Qb3 b6 10. d4 Qg2 11. Rf1 Qxh2 12. dxc5 Nbd7 13. cxb6 axb6 14. Be3
Qc7 15. O-O-O e6 16. Nb5 Qb8 17. Rg1 Nd5 18. Rxd5 exd5 19. Qxd5 Ra5 20. b4 Ra4
21. Rg4 Be7 22. Bf4 Qc8 23. Rxg7 Rf8 24. Nc7+ Kd8 25. Rxf7 Rxf7 26. Qxf7 Nf6
27. Ne6+ Kd7 28. Bb5+ Qc6 29. Bxc6+ Kxc6 30. Qxe7 Nd5 31. Nd4#  1-0

[Event "20th 4NCL Congress"]
[Site "Nottingham"]
[Date "2018.09.29"]
[Round "2"]
[Board "22"]
[White "Collinson, Mark I"]
[Black "Waterfield, Mark Bw"]
[Result "0-1"]
[WhiteElo "2027"]
[BlackElo "1675"]
[PlyCount "64"]
[EventDate "2018.09.28"]
[EventRounds "5"]
[EventCountry "ENG"]

1. Nf3 f5 2. c4 Nf6 3. Nc3 e6 4. d4 d6 5. g3 Be7 6. Bg2 O-O 7. O-O Ne4 8. Qc2
Nxc3 9. Qxc3 a5 10. b3 Bf6 11. Bb2 Nc6 12. Qc2 e5 13. e4 f4 14. gxf4 exf4 15.
Rad1 Qe8 16. e5 dxe5 17. dxe5 Be7 18. Qe4 Be6 19. Nd4 Nxd4 20. Bxd4 c6 21. Bb6
Rf5 22. Kh1 g5 23. Bh3 Qg6 24. f3 h5 25. Rg1 Kh7 26. Rd6 Bxd6 27. exd6 Rf6 28.
Qxg6+ Kxg6 29. Bxe6 Rxe6 30. Rd1 Ree8 31. Kg2 Kf6 32. Kf2 Ke6 {time}  0-1

[Event "20th 4NCL Congress"]
[Site "Nottingham"]
[Date "2018.09.29"]
[Round "2"]
[Board "23"]
[White "Cusick, Peter W"]
[Black "Ackley, Peter Je"]
[Result "1/2-1/2"]
[WhiteElo "1985"]
[BlackElo "2019"]
[PlyCount "59"]
[EventDate "2018.09.28"]
[EventRounds "5"]
[EventCountry "ENG"]

1. d4 g6 2. Nf3 Bg7 3. g3 d6 4. Bg2 f5 5. O-O Nf6 6. c4 O-O 7. Nc3 Qe8 8. d5 a5
9. Bg5 Na6 10. Qd2 Nc5 11. Bh6 Bd7 12. Bxg7 Kxg7 13. Qd4 e5 14. dxe6 Nxe6 15.
Qd2 Bc6 16. Nd5 Ne4 17. Qc2 Qf7 18. b4 axb4 19. Nxb4 Qf6 20. Nd5 Bxd5 21. cxd5
N6c5 22. e3 Qc3 23. Rfc1 Qxc2 24. Rxc2 c6 25. dxc6 bxc6 26. Nd4 Rfc8 27. Rb1
Ra6 28. Bf1 Ra7 29. Rb6 Rac7 30. h4  1/2-1/2

[Event "20th 4NCL Congress"]
[Site "Nottingham"]
[Date "2018.09.29"]
[Round "2"]
[Board "24"]
[White "Jukes, Sam"]
[Black "Yoon, Jacob D"]
[Result "1-0"]
[WhiteElo "1863"]
[BlackElo "2017"]
[PlyCount "85"]
[EventDate "2018.09.28"]
[EventRounds "5"]
[EventCountry "ENG"]

1. e4 e6 2. Nf3 d5 3. e5 c5 4. b4 cxb4 5. a3 Nh6 6. axb4 Bxb4 7. c3 Be7 8. d4
Nf5 9. Bd3 Nc6 10. O-O h5 11. Ba3 b6 12. Bxe7 Ncxe7 13. Na3 Bb7 14. Qe2 O-O 15.
Ng5 g6 16. Nc2 Qc8 17. Ra3 a5 18. Rb1 Qc7 19. Rab3 Nc8 20. Ne3 a4 21. R3b2 Nxe3
22. fxe3 Qxc3 23. Rc2 Qa5 24. Rc7 Ba6 25. Rf1 Ra7 26. Nxe6 Rxc7 27. Nxc7 Bxd3
28. Qxd3 Ne7 29. Qa3 Nf5 30. e4 dxe4 31. e6 fxe6 32. Nxe6 Rf7 33. Ng5 Rd7 34.
Nxe4 Rxd4 35. Qa2+ Kg7 36. Qe6 Qd5 37. Qf6+ Kg8 38. Qxg6+ Kh8 39. Nf6 Qxg2+ 40.
Qxg2 Ne7 41. Qg5 Rg4+ 42. Nxg4 hxg4 43. Rf7  1-0

[Event "20th 4NCL Congress"]
[Site "Nottingham"]
[Date "2018.09.29"]
[Round "3"]
[Board "1"]
[White "Sowray, Peter J"]
[Black "Alsina Leal, Daniel"]
[Result "1-0"]
[WhiteElo "2340"]
[BlackElo "2483"]
[PlyCount "114"]
[EventDate "2018.09.28"]
[EventRounds "5"]
[EventCountry "ENG"]

1. d4 Nf6 2. c4 c5 3. d5 b5 4. cxb5 a6 5. f3 g6 6. e4 Bg7 7. Nc3 O-O 8. Be3 d6
9. a4 e6 10. dxe6 Bxe6 11. Nh3 d5 12. Bxc5 Re8 13. Nf2 Nbd7 14. Bd4 dxe4 15.
fxe4 Qe7 16. Be2 Red8 17. Qc2 Qb4 18. Be3 Ne5 19. O-O axb5 20. Bxb5 Nfg4 21.
Bb6 Rdb8 22. a5 Nxf2 23. Ra4 Nh3+ 24. gxh3 Qe7 25. Nd5 Qh4 26. Qf2 Qxh3 27. Ra3
Qg4+ 28. Qg2 Qh4 29. Nc7 Ng4 30. Nxa8 Rxa8 31. Bc6 Rb8 32. Qg3 Qxg3+ 33. hxg3
Bxb2 34. Ra4 Ne5 35. Bd5 Bd7 36. Ra2 Rxb6 37. axb6 Bd4+ 38. Kg2 Bxb6 39. Rb2
Be3 40. Rb7 Bg4 41. Bxf7+ Kg7 42. Be6+ Kh6 43. Bxg4 Nxg4 44. Rh1+ Kg5 45. Rb5+
Kf6 46. Rxh7 Bd4 47. Kf3 Ne5+ 48. Rxe5 Bxe5 49. Ra7 Bb8 50. Ra6+ Kg5 51. Ra5+
Kf6 52. g4 Bh2 53. g5+ Ke6 54. Ra6+ Kf7 55. Ke3 Be5 56. Kd3 Bb2 57. Rc6 Kg7 {
time}  1-0

[Event "20th 4NCL Congress"]
[Site "Nottingham"]
[Date "2018.09.29"]
[Round "3"]
[Board "2"]
[White "Merry, Alan B"]
[Black "Jackson, James P"]
[Result "1/2-1/2"]
[WhiteElo "2435"]
[BlackElo "2371"]
[PlyCount "113"]
[EventDate "2018.09.28"]
[EventRounds "5"]
[EventCountry "ENG"]

1. c4 e5 2. Nc3 Bb4 3. Qc2 Nf6 4. a3 Bxc3 5. Qxc3 O-O 6. Qxe5 Nc6 7. Qc3 d5 8.
Nf3 dxc4 9. e3 b5 10. b3 Ne4 11. Qc2 Rb8 12. Be2 Nc5 13. bxc4 bxc4 14. Qc3 Nd3+
15. Bxd3 Qxd3 16. Bb2 Qxc3 17. Bxc3 Bf5 18. O-O Rb7 19. Rfc1 Rfb8 20. Ne1 Rb1
21. Raxb1 Rxb1 22. Rxb1 Bxb1 23. g4 f6 24. f3 Kf7 25. Kf2 Nd8 26. e4 g6 27. Ke3
Ne6 28. Ng2 f5 29. exf5 gxf5 30. h4 Bc2 31. Kf2 fxg4 32. fxg4 Be4 33. Ne3 Bd3
34. g5 Kg6 35. Ng4 Kf5 36. Kg3 Nf4 37. Nf6 Ne2+ 38. Kf3 Kg6 39. a4 Nxc3 40.
dxc3 a5 41. Kf4 Bc2 42. h5+ Kg7 43. h6+ Kh8 44. Ke5 Bxa4 45. Kd4 Bb3 46. Kc5 a4
47. Kb4 c5+ 48. Ka3 Bc2 49. Ka2 Bd3 50. Kb2 Bf5 51. Nd5 Bd3 52. Ne7 Be4 53. Ka2
Bd3 54. Ka3 Bc2 55. Kb2 Be4 56. Ka1 Bc2 57. Kb2 {Black claimed 3-fold
repetition with 57. ... Be4.}  1/2-1/2

[Event "20th 4NCL Congress"]
[Site "Nottingham"]
[Date "2018.09.29"]
[Round "3"]
[Board "4"]
[White "Moore, Graham J"]
[Black "James, Russell A"]
[Result "1/2-1/2"]
[WhiteElo "2247"]
[BlackElo "2153"]
[PlyCount "90"]
[EventDate "2018.09.28"]
[EventRounds "5"]
[EventCountry "ENG"]

1. e4 d5 2. exd5 Nf6 3. d4 Bg4 4. Bb5+ c6 5. dxc6 Nxc6 6. Nf3 Qb6 7. Nc3 O-O-O
8. Bxc6 Qxc6 9. h3 Bxf3 10. Qxf3 Qxf3 11. gxf3 Rxd4 12. Be3 Rd7 13. Bxa7 g6 14.
Rd1 Rxd1+ 15. Kxd1 Bg7 16. Kc1 Rd8 17. Bc5 Nd5 18. Ne2 Bh6+ 19. Kb1 b6 20. Ba3
Nc7 21. Re1 e6 22. Nc1 Nb5 23. Be7 Rd2 24. Nd3 Nd4 25. Bb4 Re2 26. Bc3 Rxe1+
27. Nxe1 Ne2 28. Bf6 Ng1 29. h4 Bd2 30. Nd3 Nxf3 31. c4 h5 32. Kc2 Bh6 33. b4
g5 34. hxg5 Bxg5 35. Bxg5 Nxg5 36. Kd2 h4 37. Ke2 Ne4 38. Kf3 f5 39. Nf4 Kd7
40. c5 bxc5 41. bxc5 Nxc5 42. Ng6 h3 43. Nf4 h2 44. Kg2 Ne4 45. Nd3 Nc3  1/2-1/2

[Event "20th 4NCL Congress"]
[Site "Nottingham"]
[Date "2018.09.29"]
[Round "3"]
[Board "5"]
[White "Okhai, Shabir"]
[Black "Simpson, Derek"]
[Result "1-0"]
[WhiteElo "2069"]
[BlackElo "1660"]
[PlyCount "59"]
[EventDate "2018.09.28"]
[EventRounds "5"]
[EventCountry "ENG"]

1. e4 e6 2. d4 d5 3. Nd2 dxe4 4. Nxe4 Nd7 5. Nf3 Ngf6 6. Bd3 Nxe4 7. Bxe4 Nf6
8. Bg5 h6 9. Bxf6 gxf6 10. Qe2 f5 11. Bxf5 Qe7 12. Be4 Bd7 13. O-O-O O-O-O 14.
Ne5 Bg7 15. Qf3 Bxe5 16. Bxb7+ Kb8 17. dxe5 Bc8 18. Bxc8 Rxc8 19. Rd3 c6 20.
Rhd1 Rhd8 21. Qe3 Rxd3 22. Rxd3 Rd8 23. Rxd8+ Qxd8 24. Qxh6 Qa5 25. Qe3 Kc7 26.
a3 Kb7 27. h4 Qa6 28. g3 Qa5 29. h5 Qd5 30. Qb3+  1-0

[Event "20th 4NCL Congress"]
[Site "Nottingham"]
[Date "2018.09.29"]
[Round "3"]
[Board "6"]
[White "Ilett, Raymond J"]
[Black "Webster, Richard J"]
[Result "1-0"]
[WhiteElo "1856"]
[BlackElo "1931"]
[PlyCount "47"]
[EventDate "2018.09.28"]
[EventRounds "5"]
[EventCountry "ENG"]

1. d4 e6 2. c4 Nf6 3. Nc3 Bb4 4. Nf3 d5 5. e3 c5 6. a3 Bxc3+ 7. bxc3 Nc6 8. Bd2
O-O 9. Bd3 Qc7 10. cxd5 exd5 11. dxc5 Bg4 12. Be2 Rfe8 13. Nd4 Bxe2 14. Qxe2
Ne5 15. O-O Ne4 16. Rfb1 Nc4 17. Be1 Nxc5 18. Qh5 Rad8 19. f3 Rxe3 20. Bg3 Qd7
21. Bf4 Rxc3 22. Nf5 Ne6 23. Qg4 Nxf4 24. Qxg7#  1-0

[Event "20th 4NCL Congress"]
[Site "Nottingham"]
[Date "2018.09.29"]
[Round "3"]
[Board "7"]
[White "Smith, Murray D"]
[Black "Nettleton, Charlie B"]
[Result "1/2-1/2"]
[WhiteElo "2225"]
[BlackElo "2018"]
[PlyCount "51"]
[EventDate "2018.09.28"]
[EventRounds "5"]
[EventCountry "ENG"]

1. e4 d6 2. d4 Nf6 3. Nc3 e5 4. dxe5 dxe5 5. Qxd8+ Kxd8 6. Nf3 Bd6 7. Bc4 Be6
8. Bxe6 fxe6 9. Be3 Ke7 10. a3 Nbd7 11. Rd1 a6 12. Ke2 Rhg8 13. Nd2 Bc5 14.
Bxc5+ Nxc5 15. Nc4 Ncxe4 16. Nxe4 Nxe4 17. Nxe5 Rad8 18. f3 Nf6 19. c4 Rd6 20.
Rd3 Rgd8 21. Rhd1 Nd7 22. Nxd7 R8xd7 23. b4 c6 24. Ke3 b5 25. c5 Rd5 26. f4
 1/2-1/2

[Event "20th 4NCL Congress"]
[Site "Nottingham"]
[Date "2018.09.29"]
[Round "3"]
[Board "8"]
[White "Hebden, Mark L"]
[Black "Goodger, Martyn"]
[Result "1-0"]
[WhiteElo "2426"]
[BlackElo "2011"]
[PlyCount "133"]
[EventDate "2018.09.28"]
[EventRounds "5"]
[EventCountry "ENG"]

1. d4 f5 2. Nf3 Nf6 3. g3 g6 4. Bg2 Bg7 5. O-O O-O 6. c4 d6 7. Nc3 e6 8. Re1
Ne4 9. Qc2 Nxc3 10. bxc3 e5 11. dxe5 dxe5 12. Ba3 Re8 13. e4 Nc6 14. exf5 Bxf5
15. Qb3 e4 16. Rad1 Qf6 17. Nd4 Nxd4 18. cxd4 Qb6 19. Qa4 Kh8 20. Bc5 Qf6 21.
d5 b6 22. Bd4 Qd6 23. h3 h5 24. Bxg7+ Kxg7 25. Re3 Re5 26. Rde1 a5 27. Qd1 Rae8
28. g4 hxg4 29. hxg4 Bc8 30. Rxe4 Rxe4 31. Rxe4 Rxe4 32. Bxe4 Qf4 33. Bf3 Qxc4
34. Kg2 Qf4 35. Qe2 Kf7 36. Kh3 Bd7 37. Be4 Kf6 38. f3 Qe5 39. Qe3 g5 40. Qc1
Be8 41. Kg2 Qd6 42. Qh1 Qf4 43. Qh6+ Ke7 44. Qe6+ Kd8 45. Bf5 Qd2+ 46. Kh3 Qc3
47. Kg3 Qc5 48. Qf6+ Qe7 49. Qc3 Qd6+ 50. Kg2 Qe7 51. Be6 Qd6 52. Qf6+ Qe7 53.
Qe5 Bd7 54. f4 gxf4 55. g5 Bxe6 56. dxe6 f3+ 57. Kxf3 Qa3+ 58. Ke4 Qxa2 59.
Qd5+ Qxd5+ 60. Kxd5 Ke7 61. g6 Kf6 62. g7 Kxg7 63. Kc6 Kf6 64. Kd7 a4 65. e7 a3
66. e8=Q a2 67. Qe6+  1-0

[Event "20th 4NCL Congress"]
[Site "Nottingham"]
[Date "2018.09.29"]
[Round "3"]
[Board "9"]
[White "Willow, Jonah B"]
[Black "Modi, Kishan J"]
[Result "1-0"]
[WhiteElo "2271"]
[BlackElo "1986"]
[PlyCount "139"]
[EventDate "2018.09.28"]
[EventRounds "5"]
[EventCountry "ENG"]

1. e4 c5 2. Nf3 d6 3. d4 cxd4 4. Qxd4 a6 5. c4 Nc6 6. Qe3 Nf6 7. Nc3 g6 8. h3
Bg7 9. Be2 O-O 10. O-O Nd7 11. Rd1 Nde5 12. Nxe5 Nxe5 13. c5 Be6 14. f4 Nc4 15.
Bxc4 Bxc4 16. e5 Re8 17. Qd4 Be6 18. cxd6 exd6 19. Qxd6 Qh4 20. Qd2 Rad8 21.
Qf2 Qxf2+ 22. Kxf2 Rxd1 23. Nxd1 Rc8 24. Nc3 Bf8 25. a3 b5 26. Be3 Bxa3 27.
Rxa3 b4 28. Rxa6 bxc3 29. bxc3 Rxc3 30. g4 Kg7 31. Rd6 h5 32. f5 gxf5 33. gxh5
f4 34. Bxf4 Rxh3 35. h6+ Kh7 36. Kg2 Rh4 37. Kf3 Rh1 38. Rd2 Rg1 39. Ke4 Rg4
40. Rd8 Rg8 41. Rd6 Rg6 42. Ke3 Rg8 43. Rd2 Rg1 44. Rf2 Rg4 45. Kd4 Rg8 46. Kc5
Rd8 47. Rg2 Rg8 48. Rh2 Rd8 49. Kc6 Rd4 50. Bg5 Rd3 51. Kc7 Rd7+ 52. Kb6 Rd4
53. Bf6 Rb4+ 54. Kc5 Rc4+ 55. Kd6 Rg4 56. Bg7 Rc4 57. Rb2 Rd4+ 58. Ke7 Rd7+ 59.
Kf6 Rd8 60. Rb7 Kg8 61. Rb6 Re8 62. Rb2 Kh7 63. Rb7 Kg8 64. Rb6 Kh7 65. Ra6 Kg8
66. Ra7 Kh7 67. Ra6 Kg8 68. Rb6 Kh7 69. Rb1 Kg8 70. h7+  1-0

[Event "20th 4NCL Congress"]
[Site "Nottingham"]
[Date "2018.09.29"]
[Round "3"]
[Board "10"]
[White "See, Tristian"]
[Black "Chapman, Terry Pd"]
[Result "1/2-1/2"]
[WhiteElo "1928"]
[BlackElo "2201"]
[PlyCount "36"]
[EventDate "2018.09.28"]
[EventRounds "5"]
[EventCountry "ENG"]

1. e4 c5 2. Nf3 e6 3. c3 d5 4. exd5 Qxd5 5. Bb5+ Bd7 6. Bxd7+ Nxd7 7. O-O Ngf6
8. d4 Be7 9. Qe2 O-O 10. Rd1 c4 11. Nbd2 b5 12. b3 Nb6 13. bxc4 Nxc4 14. Nxc4
bxc4 15. Bg5 Rfe8 16. Bxf6 Bxf6 17. Rab1 Rab8 18. h3 g6  1/2-1/2

[Event "20th 4NCL Congress"]
[Site "Nottingham"]
[Date "2018.09.29"]
[Round "3"]
[Board "11"]
[White "Klingher, Dominic"]
[Black "Makkar, Rajat"]
[Result "1-0"]
[WhiteElo "2121"]
[BlackElo "2000"]
[PlyCount "99"]
[EventDate "2018.09.28"]
[EventRounds "5"]
[EventCountry "ENG"]

1. e4 e5 2. Bc4 Nf6 3. d3 c6 4. Nf3 d5 5. exd5 cxd5 6. Bb3 Bb4+ 7. c3 Bd6 8.
Bg5 Be6 9. O-O O-O 10. Re1 Nbd7 11. Nbd2 Qc7 12. h3 h6 13. Bh4 Bf5 14. Nf1 Bh7
15. Ne3 Qa5 16. d4 e4 17. Ne5 Nxe5 18. Bxf6 gxf6 19. dxe5 Bxe5 20. Qh5 Kg7 21.
Bxd5 f5 22. Rad1 Rad8 23. Bb3 Bg6 24. Qe2 Qc5 25. Rxd8 Rxd8 26. Rd1 Rxd1+ 27.
Qxd1 f4 28. Qd5 Bd6 29. Nf5+ Kf6 30. Qxd6+ Qxd6 31. Nxd6 b6 32. Nc8 e3 33. fxe3
fxe3 34. Kf1 Ke5 35. Nxa7 Kf4 36. Bd5 Ke5 37. Bf3 Bb1 38. a3 Bd3+ 39. Ke1 Kf4
40. Nc6 f5 41. Nb4 Bc4 42. Nd5+ Bxd5 43. Bxd5 Ke5 44. Bf3 Kd6 45. g3 Kc5 46.
Bd1 Kd5 47. Ke2 f4 48. gxf4 Ke4 49. f5 Kxf5 50. Kxe3  1-0